Skocznie narciarskie znajdujące się na terenie Finlandii - Statystyki

Ogólne statystyki
  • Ten quiz został rozwiązany 67 razy
  • Średni wynik to 4 z 6
Statystyki odpowiedzi
% Poprawnych
Lahti
100%
Kuopio
91%
Ruka
81%
Rovaniemi
53%
Jyvaskyla
26%
Vuokatti
11%
Nie znaleziono quizów pasujących do podanych kryteriów
Rozkład punktacji
Procent ludzi z każdym wynikiem
Percentyl według liczby udzielonych odpowiedzi
Twoja historia wyników
Nie rozwiązałeś tego quizu